000 01156nam a2200301 c 4500
999 _c142554
_d142554
003 BLK
005 20230412162750.0
008 180409b bul|||||r ||||||| ||bul||
010 _aKNG00148647000
040 _aBLK
041 _aBUL
_cBUL
080 _aБългарска литература
_b821.163.2
_x-31
_z821.163.2-31
100 1 _aСтъпов, Петър Иванов
_9379327
139 _aСтъпов, Петър Иванов
_bС 88
245 1 0 _aЗнаменосецът - Никола Симов-Куруто
_bРоман
_cПетър Иванов Стъпов; худож. Петър Рашков.
250 _a3. прераб. и доп. изд.
257 _aBGR
260 _bБЗНС
_c1976
_aСофия
300 _a296 с.
_c20 см
380 _aX
500 _a1. изд. 1942.
700 1 _aРашков, Петър
_eхудож.
_9367057
852 _aЦб 80997
856 4 _qpdf
_i0.00
_ldisable
856 4 _qpdf
_i0.00
_ldisable
942 _cKNG
_n0
_s1
944 _aCR
_c06.08.2013
_l06.08.2013 - от С1,Р / 06.08.2013
_kАйшегюл_Сабриева
944 _aED
_c16.09.2017
_l06.08.2013 - от С1,Р / 06.08.2013
_kНаталия_Любомирова
999 _d142554